Lanean...

Guide to interational relations and diplomacy

Xehetasun bibliografikoak
Egile nagusia: Erik Goldstein (ed.)
Beste egile batzuk: Michael Graham Fry (ed.), Richard Langhorne (ed.)
Formatua: Printed Book
Argitaratua: London Continuum 2002
Gaiak:
LEADER 00732nam a22002171a 4500
020 |a 9780826452504  |c 0.00 
040 |a SSUS - Library - Kalady 
082 |a 327  |b MIC/G 
100 |a Erik Goldstein (ed.) 
245 |a Guide to interational relations and diplomacy  |h [Text] 
260 |a London  |b Continuum  |c 2002 
300 |a 567p. 
600 |a Political Science 
600 |a Diplomacy 
600 |a International Relations 
700 |a Michael Graham Fry (ed.) 
700 |a Richard Langhorne (ed.) 
852 |k Reference  |h 327  |i MIC/G  |p 041533  |9 0.00  |t 0 
942 |c REF 
999 |c 16714  |d 16714 
952 |0 0  |1 0  |4 0  |6 R_327_000000000000000_MIC_G  |7 0  |9 23579  |a SSUS  |b SSUS  |d 2015-01-08  |g 0.00  |o R 327 MIC/G  |p 041533  |r 2015-01-08  |v 0.00  |w 2015-01-08  |y REF